Score 0/18 Timer 04:00
0 Plays Today
Hint Character Name % Correct
TomatoBob the Tomato
97.5%
CucumberLarry the Cucumber
97.3%
AsparagusJunior Asparagus
88.3%
BlueberryMadame Blueberry
69%
GrapePa Grape
67.7%
CarrotLaura Carrot
62.7%
GourdJerry
60.9%
AsparagusArchibald Asparagus
60.3%
GourdJimmy
58.7%
Hint Character Name % Correct
ComputerQwerty
55.3%
Spanish GourdMr. Lunt
52.2%
PeaJean Claude
38.8%
RhubarbPetunia Rhubarb
36%
ZucchiniMr. Nezzer
35.6%
PeaPhilippe
23.7%
CarrotScooter Carrot
18.1%
AsparagusDad Asparagus
18%
RapscallionRapscallion #1
6.4%
Remove Ads.
Support Sporcle.
Get the best of Sporcle when you Go Orange. This ad-free experience offers more features, more stats, and more fun while also helping to support Sporcle. Thank you for becoming a member.

You're not logged in!

Compare scores with friends on all Sporcle quizzes.
OR
Log In

Show Comments

Extras

Top Quizzes Today


Score Distribution

Your Account Isn't Verified!

In order to create a playlist on Sporcle, you need to verify the email address you used during registration. Go to your Sporcle Settings to finish the process.

Report this User

Report this user for behavior that violates our Community Guidelines.

Details: